Frommer's Scotland. (Record no. 1007)
[ view plain ]
| 000 -LEADER | |
|---|---|
| fixed length control field | 01633cas a2200433 a 4500 |
| 005 - DATE AND TIME OF LATEST TRANSACTION | |
| control field | 20260322212043.0 |
| 008 - FIXED-LENGTH DATA ELEMENTS--GENERAL INFORMATION | |
| fixed length control field | data |
| 010 ## - LIBRARY OF CONGRESS CONTROL NUMBER | |
| LC control number | 00207271 |
| Canceled/invalid LC control number | 00106739 |
| -- | 99223186 |
| -- | 00106739 |
| 012 ## - | |
| -- | -3-7-0103281164-p----- y |
| 020 ## - INTERNATIONAL STANDARD BOOK NUMBER | |
| International Standard Book Number | 0764541269 |
| 020 ## - INTERNATIONAL STANDARD BOOK NUMBER | |
| International Standard Book Number | 9780764541261 |
| 022 0# - INTERNATIONAL STANDARD SERIAL NUMBER | |
| International Standard Serial Number | 1533-8045 |
| Incorrect ISSN | 1055-5390 |
| 037 ## - SOURCE OF ACQUISITION | |
| Source of stock number/acquisition | IDG Books Worlwide, 919 E. Hillsdale Blvd., Foster City, CA 94404 |
| Terms of availability | ({dollar}24.95 Can.) |
| -- | ({dollar}24.95 Can.) |
| 040 ## - CATALOGING SOURCE | |
| Original cataloging agency | OClCo |
| Transcribing agency | OClCo |
| Modifying agency | DLC |
| -- | IGleD |
| -- | DLC |
| -- | NSDP |
| -- | DLC |
| 042 ## - AUTHENTICATION CODE | |
| Authentication code | nsdp |
| -- | nsdp |
| 043 ## - GEOGRAPHIC AREA CODE | |
| Geographic area code | e-uk-st |
| 050 00 - LIBRARY OF CONGRESS CALL NUMBER | |
| Classification number | DA870 |
| Item number | .F75 |
| 082 00 - DEWEY DECIMAL CLASSIFICATION NUMBER | |
| Classification number | 914.1104/859/05 |
| Edition information | 20 |
| 092 ## - LOCALLY ASSIGNED DEWEY CALL NUMBER (OCLC) | |
| Classification number | 914.11 F932 2004 |
| 001 - CONTROL NUMBER | |
| control field | data |
| 210 0# - ABBREVIATED TITLE | |
| Abbreviated title | Frommer's Scotl. |
| 222 #0 - KEY TITLE | |
| Key title | Frommer's Scotland |
| 245 10 - TITLE STATEMENT | |
| Title | Frommer's Scotland. |
| 246 30 - VARYING FORM OF TITLE | |
| Title proper/short title | Scotland |
| 250 ## - EDITION STATEMENT | |
| Edition statement | 8th edition |
| 260 ## - PUBLICATION, DISTRIBUTION, ETC. | |
| Place of publication, distribution, etc. | New York : |
| Name of publisher, distributor, etc. | Macmillan Travel, |
| Date of publication, distribution, etc. | c2004. |
| 300 ## - PHYSICAL DESCRIPTION | |
| Extent | 464 p. |
| Other physical details | maps (some col.) ; |
| Dimensions | 22 cm. |
| 310 ## - CURRENT PUBLICATION FREQUENCY | |
| Current publication frequency | Biennial |
| 500 ## - GENERAL NOTE | |
| General note | Vols. for 2000- have title: Frommer's ... Scotland. |
| 500 ## - GENERAL NOTE | |
| General note | "A Frommer book." |
| 500 ## - GENERAL NOTE | |
| General note | Vols. for 2000- include [8] p. of plates, before t.p., with title: Frommer's postcards from Scotland. |
| 500 ## - GENERAL NOTE | |
| General note | Vols. for 2000- published: Indianapolis, IN : IDG Books Worldwide, Inc., |
| 500 ## - GENERAL NOTE | |
| General note | "with the Hebrides & Shetland Islands"--cover |
| 504 ## - BIBLIOGRAPHY, ETC. NOTE | |
| Bibliography, etc. note | Includes index. |
| 515 ## - NUMBERING PECULIARITIES NOTE | |
| Numbering peculiarities note | Vols. for 2000- carry both numeric and chronological designation. |
| 651 #0 - SUBJECT ADDED ENTRY--GEOGRAPHIC NAME | |
| Geographic name | Scotland |
| Form subdivision | Guidebooks. |
| 740 02 - ADDED ENTRY--UNCONTROLLED RELATED/ANALYTICAL TITLE | |
| Uncontrolled related/analytical title | Frommer's postcards from Scotland. |
| 780 00 - PRECEDING ENTRY | |
| Title | Frommer's comprehensive travel guide. Scotland |
| International Standard Serial Number | 1055-5390 |
| Record control number | (OCoLC)23201162 |
| -- | (OCoLC)23201162 |
| Withdrawn status | Lost status | Damaged status | Not for loan | Home library | Current library | Shelving location | Date acquired | Total checkouts | Full call number | Barcode | Date last seen | Price effective from | Koha item type |
|---|---|---|---|---|---|---|---|---|---|---|---|---|---|
| Franklin | Franklin | General stacks | 22/03/2026 | 914.1104/859/05 20 | BC0011040 | 22/03/2026 | 22/03/2026 | Books |